Noem het Nederlandse koloniale bezit van vroeger tot nu - Statistieken

Algemene statistieken
  • Deze quiz is 47 keer genomen
  • De gemiddelde score is 4 van 10
Antwoordstatistieken
Hint Antwoord % Correct
Azie Indonesie
97%
Amerika Suriname
86%
Zuid-Afrika.
83%
Sri Lanka
61%
New York
36%
Brazilië
33%
Antillen
17%
Guinea
6%
Afrika Guinee
3%
Dejima
0%
Geen overeenkomende quizzen gevonden
Scoreverdeling
Procent van Mensen met Elke Score
Percentiel versus Aantal Correcte Antwoorden
Uw Scoregeschiedenis
U heeft deze quiz nog niet genomen